000 00744nam a2200265 i 4500
001 C2-0293856
003 PPAK
005 20180728025647.0
008 090205s2009 my a|||| ||||| | may d
020 _a9789833996070
040 _aPPAK
_beng
_cPPAK
_erda
082 0 4 _a899.233
_223
090 0 0 _a899.233
_bNAJ
_dK
100 0 _aNajibah,
_eauthor
245 1 0 _aKe mana ayah ?
264 1 _aPetaling Jaya, Selangor :
_bPustaka Seri Idaman ,
_c2009
300 _a55 pages :
_billustrations ;
_c21 cm
336 _2rdacontent
_atext
337 _2rdamedia
_aunmediated
338 _2rdacarrier
_avolume
490 1 _aSiri pengalaman kawanku
650 1 0 _aChildren's stories, Malay
830 0 _aSiri pengalaman kawanku
942 _ddc
_cB
999 _c98541
_d98541